header

Deterrence and the death penalty (Record no. 94381)

MARC details
000 -LEADER
fixed length control field 01466nam a2200313 a 4500
245 10 - TITLE STATEMENT
Title Deterrence and the death penalty
260 ## - PUBLICATION, DISTRIBUTION, ETC. (IMPRINT)
Place of publication Washington, D.C. :
Name of publisher National Academies Press,
Year of publication 2012.
300 ## - PHYSICAL DESCRIPTION
Number of Pages xv, 127 p. :
Other physical details ill. (some col.)
650 #0 - SUBJECT ADDED ENTRY--TOPICAL TERM
Topical Term Punishment in crime deterrence.
Topical Term Capital punishment.
700 1# - ADDED ENTRY--PERSONAL NAME
Personal name Nagin, Daniel S.
Personal name Pepper, John V.
856 40 - ELECTRONIC LOCATION AND ACCESS
Uniform Resource Identifier http://site.ebrary.com/lib/rucke/Doc?id=10565367

No items available.

© 2026 Rongo University
Contact us: librarian | system librarian | Rongo university